|
|
|
|
| LEADER |
01462cam a2200385 a 4500 |
| 001 |
000829838 |
| 003 |
CZ BrMZK |
| 005 |
20090210064403.0 |
| 007 |
ta |
| 008 |
050209s2004 xr aeh f 000 0 cze |
| 015 |
|
|
|a cnb001531747
|
| 020 |
|
|
|a 80-85991-33-0
|q (váz.)
|
| 040 |
|
|
|a PNA001
|b cze
|d ABA001
|d BOA001
|
| 072 |
|
7 |
|a 629
|x Dopravní prostředky
|2 Konspekt
|9 19
|
| 080 |
|
|
|a 629.331
|2 MRF
|
| 080 |
|
|
|a (048.8)
|2 MRF
|
| 100 |
1 |
|
|a Gomola, Miroslav
|7 jn20010309338
|4 aut
|
| 245 |
1 |
0 |
|a Hadimrška, aneb, Nesmrtelná "sedmapadesátka" /
|c Miroslav Gomola
|
| 246 |
3 |
0 |
|a Nesmrtelná "sedmapadesátka"
|
| 250 |
|
|
|a 3., rozš. a dopl. vyd.
|
| 260 |
|
|
|a V Brně :
|b AGM CZ,
|c 2004
|
| 300 |
|
|
|a 165 s. :
|b il., některé barev., plány, faksim ;
|c 30 cm
|
| 490 |
1 |
|
|a Historie motorových vozidel
|
| 500 |
|
|
|a Údaje o názvu a odpovědnosti převzaty z obálky
|
| 504 |
|
|
|a Obsahuje bibliografii
|
| 650 |
0 |
7 |
|a Tatra (automobily)
|7 ph117148
|2 czenas
|
| 650 |
0 |
7 |
|a osobní automobily
|7 ph115616
|2 czenas
|
| 655 |
|
7 |
|a monografie
|7 fd132842
|2 czenas
|
| 655 |
|
7 |
|a ilustrované publikace
|7 fd367467
|2 czenas
|
| 830 |
|
0 |
|a Historie motorových vozidel
|0 s
|
| 856 |
4 |
1 |
|u http://www.digitalniknihovna.cz/mzk/uuid/uuid:6c97cc70-9de7-11e2-9a9f-005056827e51
|y Digitalizovaný dokument
|x NDK
|
| 910 |
2 |
|
|a BOA001
|b 4-1176.181
|
| 990 |
|
|
|a BK
|
| 991 |
|
|
|b 200611
|c NOV
|
| 996 |
6 |
|
|b 2610293022
|c 4-1176.181
|l MZK
|r Sklad / do 1 hodiny
|n 2
|p p.v.
|w 000829838
|u 000010
|a 1
|e BOA001
|j MZK50
|s P
|